| 000 | 00725 a2200217 4500 | ||
|---|---|---|---|
| 003 | Nust | ||
| 005 | 20170207171533.0 | ||
| 010 | _a 00059281 | ||
| 020 | _a0735610517 | ||
| 040 | _cNust | ||
| 082 | 0 | 0 | _a005.7585 |
| 100 | _aGarcia, Marcilina S. (Frohock) | ||
| 245 | 0 | 0 |
_aMicrosoft SQL Server 2000 administrator's companion (EBOOK) _cMarci Frohock Garcia ... [et al.]. |
| 260 |
_aRedmond, WA : _bMicrosoft Press, _c2000. |
||
| 300 |
_axxix, 1131 p. : _bill. ; _c25 cm. + _e1 CD-ROM (4 3/4 in.) |
||
| 650 | 0 | _aClient/server computing. | |
| 650 | 0 | _aRelational databases. | |
| 651 | _aEBOOK | ||
| 700 | 1 | _aGarcia, Marcilina S. | |
| 856 | 4 | 2 |
_3Publisher description _uhttp://www.loc.gov/catdir/enhancements/fy1004/00059281-d.html |
| 942 |
_2ddc _cBK |
||
| 999 |
_c217097 _d217097 |
||